[Event "87o Campeonato Brasileiro Absoluto Final Aberta"]
[Site "Cuiaba MT"]
[Date "2021.10.30"]
[Round "4"]
[Board "60"]
[White "Bueno, Marcos Antonio Ferreira"]
[Black "Fedrizzi, Roberto Senatore"]
[Result "1/2-1/2"]
[WhiteElo "1661"]
[BlackElo "1962"]
[PlyCount "91"]
[EventDate "2021.10.28"]
[EventRounds "11"]
[EventCountry "BRA"]

1. Nf3 Nf6 2. g3 g6 3. Bg2 Bg7 4. O-O O-O 5. d3 d5 6. Nbd2 Nbd7 7. e4 dxe4 8.
Nxe4 c6 9. c3 Nxe4 10. dxe4 e5 11. Be3 Qc7 12. Qc2 c5 13. Rad1 Nf6 14. Ng5 Ng4
15. Bc1 c4 16. h3 Nf6 17. f4 Nh5 18. Qf2 h6 19. g4 Nxf4 20. Bxf4 exf4 21. Nf3
Re8 22. Rfe1 b6 23. Nd4 Bb7 24. Nb5 Qe5 25. Nd6 Re7 26. Nxb7 Rxb7 27. Rd5 Qe7
28. Qxf4 Re8 29. e5 Rd7 30. Rxd7 Qxd7 31. Qxc4 Rxe5 32. Rxe5 Bxe5 33. Qd5 Qe7
34. Qe4 Qc5+ 35. Kf1 Bg3 36. Qe2 Qg5 37. Be4 Qf4+ 38. Kg2 Bh4 39. Kh1 Bf2 40.
Bg2 Qc1+ 41. Bf1 Be3 42. c4 Bd4 43. b3 Qf4 44. Bg2 Bf2 45. Qc2 Qe3 46. Qd1
 1/2-1/2

[Event "87o Campeonato Brasileiro Absoluto Final Aberta"]
[Site "Cuiaba MT"]
[Date "2021.10.30"]
[Round "4"]
[Board "61"]
[White "Castro Silva, Alex"]
[Black "Carmo, Jose Arlindo"]
[Result "1-0"]
[WhiteElo "1961"]
[BlackElo "1650"]
[PlyCount "69"]
[EventDate "2021.10.28"]
[EventRounds "11"]
[EventCountry "BRA"]

1. e4 c5 2. Nf3 d6 3. d4 cxd4 4. Nxd4 Nf6 5. Nc3 a6 6. Bc4 Nbd7 7. O-O e6 8.
Bb3 Nc5 9. f4 Nfxe4 10. Nxe4 Nxe4 11. f5 e5 12. Qf3 Nf6 13. Re1 Be7 14. Ne2 d5
15. Nc3 e4 16. Qd1 Bb4 17. Bg5 Bxc3 18. bxc3 Bxf5 19. Rf1 Be6 20. Qd4 Qe7 21.
Rxf6 Qd7 22. Rf2 O-O 23. c4 dxc4 24. Qxd7 Bxd7 25. Bxc4 Rae8 26. Raf1 Be6 27.
Bxe6 Rxe6 28. Be3 Rc6 29. Bd4 f6 30. c3 b5 31. Rf4 Re6 32. Kf2 Rd8 33. Ke3 Kf7
34. g4 Kg6 35. h4  1-0

[Event "87o Campeonato Brasileiro Absoluto Final Aberta"]
[Site "Cuiaba MT"]
[Date "2021.10.30"]
[Round "4"]
[Board "62"]
[White "Cella, Glaucio Dalla Cortt"]
[Black "Nascimento, Davi De Araujo"]
[Result "0-1"]
[WhiteElo "1961"]
[BlackElo "1628"]
[PlyCount "62"]
[EventDate "2021.10.28"]
[EventRounds "11"]
[EventCountry "BRA"]

1. e4 c6 2. d4 d5 3. exd5 cxd5 4. Nf3 Nf6 5. c3 Bg4 6. Qb3 Qc7 7. Ne5 e6 8. Bf4
Bd6 9. Nxf7 Kxf7 10. Bxd6 Qxd6 11. Qxb7+ Nbd7 12. b4 Qb6 13. Qa6 Rhc8 14. f3
Bf5 15. Kd2 Qc7 16. Bd3 Nb6 17. a4 Qf4+ 18. Ke2 Nc4 19. Bxc4 dxc4 20. Nd2 Bd3+
21. Kd1 Nd5 22. Ra3 Ne3+ 23. Kc1 Nf1 24. Ra2 Qe3 25. Qb7+ Kg8 26. Rxf1 Bxf1 27.
Qe4 Qxe4 28. fxe4 Rf8 29. g3 Bd3 30. b5 a5 31. Kb2 Rf2  0-1

[Event "87o Campeonato Brasileiro Absoluto Final Aberta"]
[Site "Cuiaba MT"]
[Date "2021.10.30"]
[Round "4"]
[Board "63"]
[White "Cilento, Lucas Geraldo"]
[Black "Campos, Otavio Moraes"]
[Result "1-0"]
[WhiteElo "1952"]
[BlackElo "1619"]
[PlyCount "55"]
[EventDate "2021.10.28"]
[EventRounds "11"]
[EventCountry "BRA"]

1. e4 c5 2. Nf3 Nc6 3. Bb5 g6 4. Bxc6 bxc6 5. O-O Bg7 6. Re1 d5 7. d3 Nf6 8.
Nbd2 Rb8 9. Rb1 Ba6 10. e5 Ng4 11. Nb3 Qb6 12. h3 Nh6 13. Be3 d4 14. Bd2 e6 15.
Ba5 Qb5 16. Nfd2 Nf5 17. g4 Ne7 18. Nc4 Nc8 19. a4 Qxa4 20. Ra1 Qb5 21. Bc7 Rb7
22. Bd6 Bf8 23. Ra5 Qb4 24. Rxa6 Bxd6 25. exd6 Qb5 26. Ra5 Qb4 27. Nxc5 Rb8 28.
d7+  1-0

[Event "87o Campeonato Brasileiro Absoluto Final Aberta"]
[Site "Cuiaba MT"]
[Date "2021.10.30"]
[Round "4"]
[Board "64"]
[White "Romais, Rodrigo"]
[Black "Pomar, Marcelo Nascimento"]
[Result "0-1"]
[WhiteElo "1652"]
[BlackElo "1947"]
[PlyCount "64"]
[EventDate "2021.10.28"]
[EventRounds "11"]
[EventCountry "BRA"]

1. e4 c5 2. Nf3 e6 3. d4 cxd4 4. Nxd4 a6 5. Nc3 b5 6. a3 Bb7 7. Be3 d6 8. Qd2
Nf6 9. f3 Be7 10. Bd3 Nbd7 11. Nb3 Qc7 12. O-O-O O-O 13. g4 Ne5 14. Be2 Nc4 15.
Bxc4 bxc4 16. Nd4 Rab8 17. h4 Ba8 18. h5 Qb7 19. b3 d5 20. b4 e5 21. exd5 exd4
22. Bxd4 Nxd5 23. Bxg7 Nxb4 24. Qh6 Na2+ 25. Nxa2 Qb1+ 26. Kd2 Rfd8+ 27. Ke2
Qxc2+ 28. Ke3 Rxd1 29. Rxd1 Qxd1 30. Be5 Bc5+ 31. Kf4 Qxf3+ 32. Kg5 Be3+  0-1

[Event "87o Campeonato Brasileiro Absoluto Final Aberta"]
[Site "Cuiaba MT"]
[Date "2021.10.30"]
[Round "4"]
[Board "65"]
[White "Almeida, Tiago De"]
[Black "Goetten Wagner, Julia"]
[Result "1-0"]
[WhiteElo "1943"]
[BlackElo "1606"]
[PlyCount "89"]
[EventDate "2021.10.28"]
[EventRounds "11"]
[EventCountry "BRA"]

1. e4 c5 2. Nf3 e6 3. d4 cxd4 4. Nxd4 Nf6 5. Nc3 d6 6. f3 Be7 7. Be3 O-O 8. Qd2
Nc6 9. O-O-O a6 10. g4 Nd7 11. Kb1 Nde5 12. Be2 Nxd4 13. Bxd4 Nc6 14. Be3 b5
15. h4 Qa5 16. Bd3 b4 17. Ne2 Ne5 18. Nd4 Bb7 19. Rdg1 d5 20. Qf2 Nc4 21. Nb3
Qc7 22. Bg5 Rfc8 23. Bxe7 Qxe7 24. g5 a5 25. h5 a4 26. Nd4 b3 27. cxb3 axb3 28.
Nxb3 Qb4 29. g6 Ba6 30. gxh7+ Kh8 31. Bxc4 Bxc4 32. Qd4 Bd3+ 33. Qxd3 dxe4 34.
h6 g6 35. Qxe4 Qxe4+ 36. fxe4 Ra4 37. Rf1 Rc7 38. e5 Re4 39. Re1 Rec4 40. Rc1
Kxh7 41. Rxc4 Rxc4 42. Nd2 Rc5 43. Nf3 Rc7 44. Ng5+ Kg8 45. Rc1  1-0

[Event "87o Campeonato Brasileiro Absoluto Final Aberta"]
[Site "Cuiaba MT"]
[Date "2021.10.30"]
[Round "4"]
[Board "66"]
[White "Sopko, Cassio Roberto"]
[Black "Pironti, Francisco Ferrari"]
[Result "1/2-1/2"]
[WhiteElo "1877"]
[BlackElo "1499"]
[PlyCount "51"]
[EventDate "2021.10.28"]
[EventRounds "11"]
[EventCountry "BRA"]

1. d4 d5 2. g3 Nf6 3. Bg2 e6 4. Nf3 Be7 5. O-O O-O 6. b3 b6 7. c4 Bb7 8. Nc3
dxc4 9. bxc4 c5 10. dxc5 Bxc5 11. Bg5 h6 12. Qxd8 Rxd8 13. Bxf6 gxf6 14. Na4
Be7 15. Rfd1 Nc6 16. Rab1 Na5 17. c5 bxc5 18. Rdc1 Ba6 19. Nxc5 Bxe2 20. Nd4
Rac8 21. Ncxe6 fxe6 22. Nxe2 Rxc1+ 23. Rxc1 Rd2 24. Nf4 Kf7 25. Bf3 f5 26. Rc7
 1/2-1/2

[Event "87o Campeonato Brasileiro Absoluto Final Aberta"]
[Site "Cuiaba MT"]
[Date "2021.10.30"]
[Round "4"]
[Board "67"]
[White "De Avelar, Flavio Henrique"]
[Black "Fontoura, Alexandre Souza"]
[Result "0-1"]
[WhiteElo "1534"]
[BlackElo "1873"]
[PlyCount "90"]
[EventDate "2021.10.28"]
[EventRounds "11"]
[EventCountry "BRA"]

1. d4 g6 2. Nf3 Bg7 3. Bf4 d6 4. c4 c5 5. e3 Nc6 6. h3 Qb6 7. Nc3 cxd4 8. exd4
Nxd4 9. Rb1 Bf5 10. Bd3 Nxf3+ 11. Qxf3 Bxd3 12. Qxd3 Qd4 13. Qxd4 Bxd4 14. Nb5
Bb6 15. O-O h6 16. Nc3 O-O-O 17. Rfe1 e5 18. Bg3 Rd7 19. Nd5 Bd8 20. f3 Nf6 21.
Red1 Nxd5 22. Rxd5 Bb6+ 23. Kf1 g5 24. Rbd1 Rhd8 25. Be1 Bd4 26. b3 Kc7 27. a4
Kc6 28. Bf2 Bxf2 29. Kxf2 f5 30. Ke3 b6 31. R1d2 Re8 32. g4 fxg4 33. hxg4 Rf8
34. Rh2 Rdf7 35. Rf2 Rf4 36. Rf1 a6 37. Rf2 R8f6 38. Ke2 e4 39. Rf5 R6xf5 40.
gxf5 Rxf5 41. fxe4 Rxf2+ 42. Kxf2 Kc5 43. Ke3 Kb4 44. Kd4 g4 45. Kd5 g3  0-1

[Event "87o Campeonato Brasileiro Absoluto Final Aberta"]
[Site "Cuiaba MT"]
[Date "2021.10.30"]
[Round "4"]
[Board "68"]
[White "Andrade, Guilherme A. De Souza"]
[Black "Do Carmo, Gabriel Carckeno"]
[Result "0-1"]
[WhiteElo "1852"]
[BlackElo "1398"]
[PlyCount "72"]
[EventDate "2021.10.28"]
[EventRounds "11"]
[EventCountry "BRA"]

1. d4 d5 2. c4 e6 3. cxd5 exd5 4. Nc3 Nf6 5. Bg5 Be7 6. e3 c6 7. Bd3 O-O 8. Qc2
Nbd7 9. Nge2 Re8 10. O-O Nf8 11. f3 g6 12. Rad1 b5 13. Bh4 Ne6 14. h3 a5 15.
Bf2 Ba6 16. e4 b4 17. Na4 Bxd3 18. Qxd3 dxe4 19. fxe4 Ng5 20. Ng3 Qc7 21. Qe3
Ne6 22. Ne2 Rad8 23. Bg3 Qb7 24. Kh1 Qb5 25. b3 Ng5 26. Nc5 Bxc5 27. Qxg5 Nxe4
28. Qf4 Qxe2 29. Qxf7+ Kh8 30. Be5+ Rxe5 31. dxc5 Ng3+ 32. Kg1 Qe3+ 33. Kh2
Nxf1+ 34. Rxf1 Re6 35. Qa7 Qe5+ 36. Kh1 Rf6  0-1

[Event "87o Campeonato Brasileiro Absoluto Final Aberta"]
[Site "Cuiaba MT"]
[Date "2021.10.30"]
[Round "4"]
[Board "69"]
[White "De Lima, Lucas Taveira"]
[Black "Duailibi, Ricardo Miguel"]
[Result "0-1"]
[WhiteElo "1427"]
[BlackElo "1849"]
[PlyCount "108"]
[EventDate "2021.10.28"]
[EventRounds "11"]
[EventCountry "BRA"]

1. c4 Nf6 2. Nc3 g6 3. g3 Bg7 4. Bg2 c5 5. e3 d6 6. Nf3 Nc6 7. O-O e5 8. d3 Bg4
9. Rb1 Qd7 10. a3 a5 11. Bd2 O-O 12. Na4 Qf5 13. Nb6 Ra6 14. Nd5 Nxd5 15. cxd5
Qxd3 16. dxc6 e4 17. Ne1 Qxf1+ 18. Bxf1 Bxd1 19. Bxa6 bxa6 20. Rxd1 Rc8 21. c7
Rxc7 22. Bxa5 Rc6 23. b4 c4 24. Nc2 f5 25. Nd4 Rc8 26. Rc1 Kf7 27. b5 Bxd4 28.
exd4 axb5 29. Kf1 Ke6 30. Ke2 Kd5 31. Ke3 g5 32. Bc3 Ra8 33. Bb2 Rf8 34. Rf1
f4+ 35. Ke2 Ra8 36. Kd2 Rf8 37. gxf4 Rxf4 38. Ke2 g4 39. Rg1 h5 40. Bc1 Rf3 41.
Be3 Rh3 42. Rg2 c3 43. Kd1 Kc4 44. Kc2 d5 45. Bg5 Kxd4 46. Bf6+ Kc4 47. Rg3
Rxg3 48. hxg3 d4 49. Bg7 d3+ 50. Kc1 Kb3 51. Bf6 h4 52. gxh4 g3 53. fxg3 e3 54.
Bg5 d2+  0-1

[Event "87o Campeonato Brasileiro Absoluto Final Aberta"]
[Site "Cuiaba MT"]
[Date "2021.10.30"]
[Round "4"]
[Board "70"]
[White "Costa, Ricardo Santos"]
[Black "Serafim, Paulo Rogerio"]
[Result "0-1"]
[WhiteElo "1834"]
[BlackElo "1441"]
[PlyCount "144"]
[EventDate "2021.10.28"]
[EventRounds "11"]
[EventCountry "BRA"]

1. Nf3 Nf6 2. d4 e6 3. e3 d5 4. c4 Nbd7 5. Nc3 Bb4 6. Bd3 dxc4 7. Bxc4 O-O 8.
O-O b6 9. a3 Be7 10. b4 Bb7 11. Bb2 c5 12. b5 cxd4 13. Nxd4 Ne5 14. Bb3 Rc8 15.
Qe2 Qc7 16. h3 Nc4 17. Rfc1 Nxb2 18. Qxb2 Bc5 19. Nxe6 fxe6 20. Bxe6+ Kh8 21.
Bxc8 Qxc8 22. Na4 Ne4 23. Nxc5 Nxc5 24. Rc4 Be4 25. Qe5 Qf5 26. Qxf5 Rxf5 27.
Rac1 h5 28. f3 Bd3 29. Rb4 Rg5 30. g4 Be2 31. f4 Rg6 32. f5 Rg5 33. Rc2 Bd3 34.
Rf2 h4 35. Rff4 Kg8 36. e4 Be2 37. Rd4 Bxb5 38. Rd8+ Kf7 39. e5 g6 40. Ra8 gxf5
41. Rxf5+ Rxf5 42. gxf5 a6 43. Ra7+ Ke8 44. f6 Bd7 45. Kh2 a5 46. Ra8+ Kf7 47.
Rh8 Nd3 48. Rh7+ Ke8 49. Re7+ Kd8 50. e6 Bc8 51. Ra7 Bxe6 52. f7 Bxf7 53. Rxf7
Ne5 54. Rf5 Nc4 55. a4 Kc7 56. Rf4 Nd2 57. Kg2 Kc6 58. Rxh4 Kc5 59. Rg4 Nc4 60.
Rxc4+ Kxc4 61. h4 b5 62. axb5 a4 63. b6 a3 64. b7 a2 65. b8=Q a1=Q 66. Qg8+ Kd3
67. Qg6+ Ke3 68. h5 Qa8+ 69. Kh3 Qh1+ 70. Kg4 Qg2+ 71. Kf5 Qf1+ 72. Kg5 Qf4#
 0-1

[Event "87o Campeonato Brasileiro Absoluto Final Aberta"]
[Site "Cuiaba MT"]
[Date "2021.10.30"]
[Round "4"]
[Board "71"]
[White "Freitas, Mauricio Mathioli"]
[Black "Ribeiro, Fabiano Pinto"]
[Result "0-1"]
[WhiteElo "1441"]
[BlackElo "1831"]
[PlyCount "54"]
[EventDate "2021.10.28"]
[EventRounds "11"]
[EventCountry "BRA"]

1. Nf3 c5 2. c4 Nc6 3. g3 e5 4. Nc3 g6 5. Bg2 Bg7 6. O-O Nge7 7. d3 O-O 8. Bg5
f6 9. Be3 d6 10. Rb1 Rb8 11. Qa4 Bd7 12. Qd1 b6 13. a3 a5 14. Nb5 Be6 15. Nd2
d5 16. cxd5 Nxd5 17. Nc4 Nxe3 18. Nxe3 Qd7 19. Bxc6 Qxc6 20. a4 Bh6 21. Nc4
Rfd8 22. Qc2 Rd7 23. e4 Rbd8 24. Rbd1 Bh3 25. Rfe1 Bg4 26. Qb3 Qe6 27. Nxa5
bxa5  0-1

[Event "87o Campeonato Brasileiro Absoluto Final Aberta"]
[Site "Cuiaba MT"]
[Date "2021.10.30"]
[Round "4"]
[Board "72"]
[White "Cymbalista, Eduardo Cymrot"]
[Black "Aoyama, Edmundo"]
[Result "1-0"]
[WhiteElo "1735"]
[BlackElo "1824"]
[PlyCount "53"]
[EventDate "2021.10.28"]
[EventRounds "11"]
[EventCountry "BRA"]

1. e4 d6 2. d4 Nf6 3. Nc3 g6 4. Be3 c6 5. Qd2 Nbd7 6. O-O-O Qc7 7. f3 b5 8. d5
a6 9. dxc6 Qxc6 10. Nge2 Bb7 11. g4 Ne5 12. Nd4 Qc7 13. g5 Nfd7 14. f4 Nc4 15.
Bxc4 Qxc4 16. Rhe1 Rc8 17. Qe2 Qc7 18. Nd5 Qa5 19. Kb1 e6 20. Bd2 Qd8 21. Bc3
Rg8 22. Nb3 Rc4 23. Na5 Bxd5 24. exd5 Rxc3 25. dxe6 Nc5 26. e7 Bxe7 27. Nc6  1-0

[Event "87o Campeonato Brasileiro Absoluto Final Aberta"]
[Site "Cuiaba MT"]
[Date "2021.10.30"]
[Round "4"]
[Board "74"]
[White "Pessoa, Marcio De Souza"]
[Black "Santos, Wenesley Da Luz"]
[Result "1-0"]
[WhiteElo "1818"]
[BlackElo "1286"]
[PlyCount "37"]
[EventDate "2021.10.28"]
[EventRounds "11"]
[EventCountry "BRA"]

1. e4 c5 2. Nf3 d6 3. Bc4 e6 4. c3 Nf6 5. d3 Be7 6. Nbd2 O-O 7. Bb3 Nc6 8. Nf1
Qc7 9. Ng3 b5 10. Bg5 Nd7 11. Bf4 a5 12. Qd2 Bf6 13. Nh5 Be7 14. Bh6 Nf6 15.
Nxg7 Ng4 16. Nh5 Re8 17. h3 Nge5 18. Bg5 Ng6 19. Nf6+  1-0

[Event "87o Campeonato Brasileiro Absoluto Final Aberta"]
[Site "Cuiaba MT"]
[Date "2021.10.30"]
[Round "4"]
[Board "76"]
[White "Ribeiro Carrico, Victor Hugo"]
[Black "Pimentel, Lucas Dos Santos"]
[Result "1-0"]
[WhiteElo "1791"]
[BlackElo "1345"]
[PlyCount "87"]
[EventDate "2021.10.28"]
[EventRounds "11"]
[EventCountry "BRA"]

1. e4 c6 2. Nf3 d5 3. Nc3 Bg4 4. h3 Bh5 5. exd5 cxd5 6. g4 Bg6 7. Ne5 a6 8. h4
d4 9. h5 Qd6 10. Nxg6 hxg6 11. Qf3 Qc6 12. Ne4 Nf6 13. Bd3 Qe6 14. hxg6 Rxh1+
15. Qxh1 fxg6 16. g5 Nd5 17. b3 Nc6 18. Bb2 Ndb4 19. Ke2 Nxd3 20. cxd3 Qg4+ 21.
Qf3 Qxf3+ 22. Kxf3 e5 23. Rc1 Kd7 24. Nc5+ Bxc5 25. Rxc5 b6 26. Rc1 Nb4 27. Ba3
Nxd3 28. Rh1 e4+ 29. Kg3 Ke6 30. f4 exf3 31. Kxf3 Ra7 32. Rh4 Ne5+ 33. Ke4 Rd7
34. d3 b5 35. Rh8 Nc6 36. Rc8 Ne7 37. Re8 Kf7 38. Rxe7+ Rxe7+ 39. Bxe7 Kxe7 40.
Kxd4 Kd6 41. b4 Ke6 42. Kc5 Kf5 43. d4 Kxg5 44. d5  1-0

[Event "87o Campeonato Brasileiro Absoluto Final Aberta"]
[Site "Cuiaba MT"]
[Date "2021.10.30"]
[Round "4"]
[Board "77"]
[White "Da Rosa, Henrique Jaze Simoes"]
[Black "Barbosa Filho, Lucio De Sa"]
[Result "1-0"]
[WhiteElo "1788"]
[BlackElo "1909"]
[PlyCount "91"]
[EventDate "2021.10.28"]
[EventRounds "11"]
[EventCountry "BRA"]

1. Nf3 d5 2. c4 c6 3. g3 Nf6 4. Bg2 e6 5. O-O Be7 6. d4 O-O 7. Qc2 Nbd7 8. Nbd2
b6 9. e4 dxe4 10. Ng5 Bb7 11. Rd1 h6 12. Ngxe4 Qc7 13. c5 Nxe4 14. Nxe4 Nf6 15.
Bf4 Qd7 16. Rac1 Nd5 17. Bd6 f5 18. Bxe7 Qxe7 19. Nd6 b5 20. Re1 Rf6 21. Bxd5
cxd5 22. Nxf5 Qd7 23. Nd6 Bc6 24. Re5 g5 25. Qe2 Raf8 26. Rf1 a6 27. Kg2 Qe7
28. Qg4 Kh7 29. h4 gxh4 30. Qxh4 Qg7 31. Qh5 Bd7 32. Qe2 Rf4 33. c6 Be8 34. c7
Bd7 35. Qc2+ R4f5 36. Rxf5 exf5 37. c8=Q Bxc8 38. Nxc8 Qxd4 39. Nd6 Qe5 40.
Qc7+ Kg8 41. Rh1 Qf6 42. Qd7 Rd8 43. Rxh6 Rxd7 44. Rxf6 Kg7 45. Ne8+ Kh8 46.
Rh6+  1-0

[Event "87o Campeonato Brasileiro Absoluto Final Aberta"]
[Site "Cuiaba MT"]
[Date "2021.10.30"]
[Round "4"]
[Board "78"]
[White "Teixeira, Jonas Carvalho"]
[Black "Rocha, Matheus Eugenio S M Nunes"]
[Result "0-1"]
[WhiteElo "1785"]
[BlackElo "1800"]
[PlyCount "96"]
[EventDate "2021.10.28"]
[EventRounds "11"]
[EventCountry "BRA"]

1. e4 c6 2. Nf3 d5 3. exd5 cxd5 4. d4 Nf6 5. Bb5+ Bd7 6. Be2 Bf5 7. O-O Nc6 8.
c3 Qc7 9. Nh4 Bg6 10. f4 e6 11. Nf3 Bd6 12. Ne5 O-O 13. Nd2 Rab8 14. a4 a6 15.
Ndf3 Be4 16. Bd3 Ne7 17. Ng5 h6 18. Nxe4 Nxe4 19. Bxe4 dxe4 20. Qg4 f5 21. Qh5
Nd5 22. Bd2 Nf6 23. Qe2 b5 24. axb5 axb5 25. Ra2 b4 26. Rfa1 bxc3 27. bxc3 Rb7
28. h3 Rfb8 29. Qe1 Rb2 30. Qc1 Rxa2 31. Rxa2 Qb7 32. c4 Qb1 33. Qxb1 Rxb1+ 34.
Kf2 Rb3 35. Be3 Bxe5 36. dxe5 Nd7 37. Rc2 Nb8 38. c5 Nc6 39. Ke2 Kf7 40. Rd2
Rc3 41. g4 g5 42. gxf5 exf5 43. e6+ Ke7 44. fxg5 hxg5 45. Bxg5+ Ke8 46. h4 Rxc5
47. Ke3 Rc3+ 48. Kf4 Rf3#  0-1

[Event "87o Campeonato Brasileiro Absoluto Final Aberta"]
[Site "Cuiaba MT"]
[Date "2021.10.30"]
[Round "4"]
[Board "79"]
[White "Da Silva Santos, Jarlison"]
[Black "Paludo, Nicolas Luis Escarantte"]
[Result "1/2-1/2"]
[WhiteElo "1774"]
[BlackElo "1821"]
[PlyCount "75"]
[EventDate "2021.10.28"]
[EventRounds "11"]
[EventCountry "BRA"]

1. e4 c5 2. Nf3 Nc6 3. d4 cxd4 4. Nxd4 g6 5. Be3 Bg7 6. Bc4 d6 7. c3 Nf6 8. f3
O-O 9. O-O a6 10. Qd2 Re8 11. Na3 Qc7 12. Rac1 Bd7 13. b4 Rac8 14. Bb3 b5 15.
c4 Nxd4 16. Bxd4 Qb7 17. Rfd1 Be6 18. cxb5 Bxb3 19. axb3 axb5 20. Qd3 Rxc1 21.
Rxc1 Rb8 22. h3 h5 23. Kh1 Bh6 24. Ra1 Bg7 25. Nc2 Ne8 26. Ra7 Qc6 27. Bxg7
Kxg7 28. Rxe7 Rc8 29. Ne3 Nf6 30. Qd4 Qc3 31. Qxc3 Rxc3 32. Nd5 Nxd5 33. exd5
Rxb3 34. Rd7 Rxb4 35. Rxd6 Rd4 36. Rd7 Kf6 37. d6 Ke6 38. Rb7  1/2-1/2

[Event "87o Campeonato Brasileiro Absoluto Final Aberta"]
[Site "Cuiaba MT"]
[Date "2021.10.30"]
[Round "4"]
[Board "80"]
[White "Borges, Ivoney"]
[Black "Marquezini, Paulo Eduardo Seben"]
[Result "1-0"]
[WhiteElo "1767"]
[BlackElo "1760"]
[PlyCount "39"]
[EventDate "2021.10.28"]
[EventRounds "11"]
[EventCountry "BRA"]

1. e4 e5 2. Nf3 Nc6 3. d4 exd4 4. Nxd4 Qf6 5. Nb3 Bc5 6. Nxc5 Qd4 7. Qxd4 Nxd4
8. Bd3 Nf6 9. Nc3 O-O 10. Be3 Nc6 11. O-O Nb4 12. a3 Nxd3 13. Nxd3 d6 14. f3 b6
15. Bg5 Nd7 16. Nd5 f6 17. Bd2 Bb7 18. c4 Rac8 19. Ne7+ Kh8 20. Nxc8  1-0

[Event "87o Campeonato Brasileiro Absoluto Final Aberta"]
[Site "Cuiaba MT"]
[Date "2021.10.30"]
[Round "4"]
[Board "81"]
[White "Da Silva, Erick Feitosa"]
[Black "Timossi, Lucas Jose Santiago"]
[Result "1-0"]
[WhiteElo "1765"]
[BlackElo "1737"]
[PlyCount "41"]
[EventDate "2021.10.28"]
[EventRounds "11"]
[EventCountry "BRA"]

1. c4 Nf6 2. Nc3 g6 3. d4 Bg7 4. e4 d6 5. Nf3 O-O 6. Be2 c5 7. O-O cxd4 8. Nxd4
Nc6 9. Be3 Nd7 10. Rc1 a6 11. Nd5 Nc5 12. f3 Ne6 13. Nxe6 Bxe6 14. Nb6 Rb8 15.
Qd2 Qc7 16. b4 f5 17. Nd5 Bxd5 18. cxd5 Qd7 19. dxc6 bxc6 20. Bxa6 Ra8 21. Bd3
 1-0

[Event "87o Campeonato Brasileiro Absoluto Final Aberta"]
[Site "Cuiaba MT"]
[Date "2021.10.30"]
[Round "4"]
[Board "82"]
[White "Rodrigues Mota, Romulo Cardoso S"]
[Black "De Souza, Eliel Martins"]
[Result "1-0"]
[WhiteElo "1759"]
[BlackElo "1709"]
[PlyCount "29"]
[EventDate "2021.10.28"]
[EventRounds "11"]
[EventCountry "BRA"]

1. e4 e5 2. Nf3 Nf6 3. Nxe5 d6 4. Nf3 Nxe4 5. Nc3 Nxc3 6. dxc3 Bg4 7. Bc4 Be7
8. Qd4 Bxf3 9. Qxg7 Kd7 10. gxf3 Kc8 11. Bxf7 Bf6 12. Be6+ Nd7 13. Bxd7+ Kb8
14. Qg4 Rg8 15. Qh3  1-0

[Event "87o Campeonato Brasileiro Absoluto Final Aberta"]
[Site "Cuiaba MT"]
[Date "2021.10.30"]
[Round "4"]
[Board "92"]
[White "Oliveira, Olavo Tadeu Carvalho"]
[Black "Pasqualotto, Amos Petronio"]
[Result "1/2-1/2"]
[WhiteElo "1304"]
[BlackElo "1436"]
[PlyCount "46"]
[EventDate "2021.10.28"]
[EventRounds "11"]
[EventCountry "BRA"]

1. e4 c6 2. d4 d5 3. exd5 cxd5 4. Bd3 Nc6 5. c3 Nf6 6. Bf4 Bg4 7. Qb3 Na5 8.
Qa4+ Bd7 9. Qc2 g6 10. Nf3 Bg7 11. Nbd2 Nc6 12. Ne5 O-O 13. O-O Nxe5 14. Bxe5
Ne8 15. Nf3 Nd6 16. Bxd6 exd6 17. Qb3 Bc6 18. Rfe1 Qd7 19. Re2 Rfe8 20. Rae1
Rxe2 21. Rxe2 Re8 22. Rxe8+ Qxe8 23. Kf1 Bf6  1/2-1/2

[Event "87o Campeonato Brasileiro Absoluto Final Aberta"]
[Site "Cuiaba MT"]
[Date "2021.10.30"]
[Round "4"]
[Board "93"]
[White "Peres, Wallafe Moreira"]
[Black "Rosa, Diego Jesus Vieira"]
[Result "0-1"]
[WhiteElo "1770"]
[BlackElo "1558"]
[PlyCount "36"]
[EventDate "2021.10.28"]
[EventRounds "11"]
[EventCountry "BRA"]

1. b4 Nf6 2. b5 e5 3. Bb2 d6 4. c4 Be7 5. Nf3 O-O 6. Nc3 Nbd7 7. g3 Nc5 8. Bg2
Be6 9. d3 Qd7 10. Qc2 Bh3 11. Bxh3 Qxh3 12. O-O-O c6 13. d4 Qh6+ 14. Kb1 exd4
15. Rxd4 Rad8 16. Rg1 Ne6 17. Rh4 Qg6 18. e4 Nc5 {reso ilegÃƒ^^vel}  0-1

[Event "87o Campeonato Brasileiro Absoluto Final Aberta"]
[Site "Cuiaba MT"]
[Date "2021.10.30"]
[Round "4"]
[Board "94"]
[White "Farias, Sergio Luiz Cardoso"]
[Black "Cinta Larga, Carlos Eduardo Dos Santos"]
[Result "0-1"]
[WhiteElo "1543"]
[BlackElo "1742"]
[PlyCount "122"]
[EventDate "2021.10.28"]
[EventRounds "11"]
[EventCountry "BRA"]

1. e4 c5 2. Nf3 d6 3. Bc4 Nc6 4. d3 Nf6 5. Ng5 e6 6. a3 d5 7. exd5 exd5 8. Qe2+
Be7 9. Bb5 Bd7 10. c3 O-O 11. O-O Nd4 12. cxd4 Bxb5 13. Nc3 Ba6 14. Be3 Nd7 15.
Nf3 cxd4 16. Bxd4 Nc5 17. Rfe1 Ne6 18. b4 Rc8 19. Rac1 Nxd4 20. Qxe7 Nxf3+ 21.
gxf3 Qxe7 22. Rxe7 d4 23. Ne2 Bxd3 24. Rxc8 Rxc8 25. Nxd4 h6 26. Nb3 Rc6 27. h3
Rg6+ 28. Kh2 Bf1 29. Re1 Rg2+ 30. Kh1 Rxf2 31. Kg1 Rxf3 32. Nd2 Rxh3 33. Kxf1
Rh1+ 34. Kf2 Rh2+ 35. Ke3 g5 36. a4 f5 37. Nc4 f4+ 38. Kf3 h5 39. Rg1 Rh3+ 40.
Ke4 Rg3 41. Rxg3 fxg3 42. Kf3 h4 43. Ne3 Kf7 44. b5 Kg6 45. a5 Kh5 46. Kg2 g4
47. Nc4 Kg5 48. Ne5 Kf4 49. Nd3+ Ke4 50. Ne1 Ke3 51. b6 a6 52. Nc2+ Kf4 53. Nd4
h3+ 54. Kg1 Ke4 55. Nc2 Kd3 56. Nb4+ Ke2 57. Nd5 h2+ 58. Kg2 Kd3 59. Nb4+ Ke3
60. Nxa6 h1=Q+ 61. Kxh1 Kf2  0-1

[Event "87o Campeonato Brasileiro Absoluto Final Aberta"]
[Site "Cuiaba MT"]
[Date "2021.10.31"]
[Round "5"]
[Board "1"]
[White "Supi, Luis Paulo"]
[Black "Rodrigues, Edgar"]
[Result "1-0"]
[WhiteElo "2572"]
[BlackElo "2339"]
[PlyCount "71"]
[EventDate "2021.10.28"]
[EventRounds "11"]
[EventCountry "BRA"]

1. e4 e6 2. d4 d5 3. e5 c5 4. c3 Nc6 5. Nf3 Bd7 6. Be2 Nge7 7. O-O Nc8 8. Re1
Nb6 9. dxc5 Bxc5 10. Bd3 Be7 11. Nbd2 Qc7 12. Nb3 a6 13. a4 h6 14. Nbd4 Na7 15.
h4 Bc6 16. h5 Nd7 17. Bc2 b6 18. Bf4 Bb7 19. Bg3 Nc5 20. Nd2 Nc6 21. Qg4 Bf8
22. Rac1 Ne7 23. b4 Ne4 24. Nxe4 dxe4 25. Bxe4 Rc8 26. Bd3 Qd7 27. b5 a5 28.
Red1 Rc7 29. c4 Qc8 30. Bf4 Rd7 31. Be3 Qc7 32. f4 Nc8 33. Nxe6 fxe6 34. Qxe6+
Be7 35. Bg6+ Kd8 36. Bf5  1-0

[Event "87o Campeonato Brasileiro Absoluto Final Aberta"]
[Site "Cuiaba MT"]
[Date "2021.10.31"]
[Round "5"]
[Board "2"]
[White "Di Berardino, Diego Rafael"]
[Black "Fier, Alexandr"]
[Result "1/2-1/2"]
[WhiteElo "2471"]
[BlackElo "2563"]
[PlyCount "38"]
[EventDate "2021.10.28"]
[EventRounds "11"]
[EventCountry "BRA"]

1. c4 g6 2. Nc3 c5 3. g3 Bg7 4. Bg2 Nc6 5. Nf3 e5 6. O-O d6 7. d3 Nge7 8. Ne1
Be6 9. a3 a5 10. Bg5 f6 11. Bd2 O-O 12. Nc2 Kh8 13. Ne3 Bg8 14. Ned5 Nxd5 15.
Nxd5 a4 16. Nc3 Qa5 17. Nd5 Qd8 18. Nc3 Qa5 19. Nd5 Qd8  1/2-1/2